| 000 | 00000nam##2200000za#4500 |
| 001 | 9.614769 |
| 003 | CaOODSP |
| 005 | 20200706133920 |
| 007 | ta |
| 008 | 150406|1999||||xxc||||| f|0| 0 eng|d |
| 020 | |a0-660-17744-7 |
| 022 | |a1200-5223 |
| 040 | |aCaOODSP|beng |
| 043 | |an-cn--- |
| 086 | 1 |aCS11-0019/134E |
| 245 | 04|aThe entry and exit dynamics of self-employment in Canada / |cby Zhengxi Lin, Garnett Picot and Janice Yates. |
| 260 | |aOttawa - Ontario : |bStatistics Canada. |c1999. |
| 300 | |a26p. : |bgraphs, references, tables ; |c28 cm. |
| 490 | 1 |aResearch paper series|x1200-5223|v134 |
| 500 | |a"The objectives of this paper are to i) document the extent and cyclical variations of self-employment entry and exit; ii) explore transitions to and from self-employment; and iii) investigate the influence of individual characteristics and labour market experience as well as macroeconomic conditions on the probability of moving into or out of self-employment."--Page 1. |
| 520 | 3 |aThe objectives of this paper are to i) document the extent and cyclical variations of self-employment entry and exit; ii) explore transitions to and from self-employment; and iii) investigate the influence of individual characteristics and labour market experience as well as macroeconomic conditions on the probability of moving into or out of self-employment.--Page 1 |
| 563 | |aSoftcover |
| 590 | |a99-23|b1999-06-11 |
| 710 | 2 |aStatistics Canada. |bAnalytical Studies Branch. |
| 720 | 1 |aLin, Zhengxi |
| 720 | 1 |aSweetman, Arthur |
| 720 | 1 |aYates, Janice |
| 775 | 08|tDynamique de la création et de la disparition d'emplois autonomes au Canada / |w(CaOODSP)9.625013 |
| 776 | 0#|tThe entry and exit dynamics of self-employment in Canada / |w(CaOODSP)9.574651 |
| 830 | #0|aResearch paper series,|x1200-5223|v134|w(CaOODSP)9.514463 |
| 986 | |a11-0019MPE-134 |